Представление документа в формате RUSMARC

ПолеНазваниеЗначение
  Тип записи a
  Библиографический уровень a
001 Контрольный номер RU/CBS_UL/BASE/5f0fc95e173548a5a581b10063e67246
005 Дата корректировки 20260414110745.8
100 Данные общей обработки __
a Данные общей обработки 20260414a2026 u c0rusy0189 ca
101 Язык документа 0_
a Язык текста rus
102 Страна публикации __
a Страна публикации RU
200 Заглавие и сведения об ответственности 1_
a Заглавие Каждый в ответе за судьбу России
e Сведения, относящиеся к заглавию [одно из перспективных направлений в развитии патриотического воспитания молодёжи – развитие казачьего движения]
f Первые сведения об ответственности О. Шейпак
333 Примечание о целевом назначении __
a Примечание о целевом назначении 12+
461 Уровень набора _0
1 2000
a Мономах
463 Уровень физической единицы _0
1 2000
a № 2 (152) (апрель)
v С. 1
1 2101
d 2026
1 001RU/REG73/CBS_GRAD/027b20b7b5f44569932a95832e5ba47e
606 Тематические рубрики 0_
a Основная рубрика Казачество
y Географическая подрубрика Ульяновская область
610 Ключевые слова 0_
a Ключевые слова казаки; Казачье движение; казачество; симбирское казачество; казачья молодёжь; кадеты; кадетские классы
686 Индексы других классификаций __
a Классификационный индекс 63.3(2Рос235.54)
700 Автор _1
a Фамилия Шейпак
b Имя (инициалы) О.
801 Источник записи _0
a Страна RU
b Организация RuCBSGrad
c Дата составления 20260414
g Правила каталогизации RCR
801 Источник записи _1
a Страна RU
b Организация RuCBSGrad
c Дата составления 20260414
g Правила каталогизации RCR
852 Данные о местонахождении __
a Наименование организации МБУК ЦБС г. Димитровграда
901 Тип документа __
t Тип документа b
w Контрольный № источника RU/REG73/CBS_GRAD/027b20b7b5f44569932a95832e5ba47e
909 Создатель записи __
a Создатель записи Тенигина
b Дата создания записи 20260414